[Event "BCF-chT3 1314 (4NCL)"]
[Site "England"]
[Date "2014.05.05"]
[Round "11.95"]
[White "Maleki, Emanuel"]
[Black "Walker, David John"]
[Result "0-1"]
[WhiteElo "2261"]
[BlackElo "2271"]
[PlyCount "96"]
[EventDate "2013.11.16"]
[EventType "team-swiss"]
[EventRounds "11"]
[EventCountry "ENG"]
[SourceTitle "EXT 2015"]
[Source "ChessBase"]
[SourceDate "2014.11.20"]
[SourceVersion "1"]
[SourceVersionDate "2014.11.20"]
[SourceQuality "1"]
[WhiteTeam "Fermented Sharks"]
[BlackTeam "North East England"]
[WhiteTeamCountry "ENG"]
[BlackTeamCountry "ENG"]

1. e4 e6 2. d4 d5 3. e5 c5 4. c3 Nc6 5. Nf3 Nge7 6. Bd3 Nf5 7. 0-0 cxd4 8. Bxf5 exf5 9. cxd4 Be7 10. Nc3 Be6 11. a3 Rc8 12. b4 0-0 13. Na4 h6 14. Nc5 b6 15. Nb3 a6 16. Qd3 Nb8 17. Bb2 Qd7 18. Rfc1 Qa4 19. Rxc8 Rxc8 20. Rc1 Rc4 21. Nfd2 Rxc1+ 22. Nxc1 a5 23. bxa5 Qxa5 24. Nb1 Nc6 25. Qc3 Qa4 26. Qb3 Qa7 27. Bc3 Na5 28. Bxa5 Qxa5 29. Nd3 f4 30. Nb4 Bxb4 31. Qxb4 Qa6 32. h3 f3 33. g4 Qe2 34. a4 Qd1+ 35. Kh2 Qf1 36. Kg3 Qg2+ 37. Kf4 Qxf2 38. h4 Qg2 39. Nd2 f2 40. Qb5 g5+ 41. hxg5 Qxg4+ 42. Ke3 Qxg5+ 43. Kd3 Bh3 44. Qxb6 f1Q+ 45. Nxf1 Bxf1+ 46. Kc3 Qc1+ 47. Kb4 Qb2+ 48. Kc5 Qxb6+ 0-1

[Event "BCF-chT3 1314 (4NCL)"]
[Site "England"]
[Date "2014.05.04"]
[Round "10.115"]
[White "Brijmohun, Krishna Louis"]
[Black "Maleki, Emanuel"]
[Result "0-1"]
[WhiteElo "1978"]
[BlackElo "2261"]
[PlyCount "52"]
[EventDate "2013.11.16"]
[EventType "team-swiss"]
[EventRounds "11"]
[EventCountry "ENG"]
[SourceTitle "EXT 2015"]
[Source "ChessBase"]
[SourceDate "2014.11.20"]
[SourceVersion "1"]
[SourceVersionDate "2014.11.20"]
[SourceQuality "1"]
[WhiteTeam "Bristol University"]
[BlackTeam "Fermented Sharks"]
[WhiteTeamCountry "ENG"]
[BlackTeamCountry "ENG"]

1. e4 e6 2. d4 d5 3. Be3 dxe4 4. Nd2 Nf6 5. c3 Bd7 6. g4 Bc6 7. Bg2 h5 8. gxh5 Qd5 9. Ne2 Qxh5 10. Qc2 Ng4 11. Nxe4 Nxe3 12. fxe3 Qh4+ 13. Kf1 Nd7 14. N2g3 f5 15. Nf2 Bxg2+ 16. Kxg2 0-0-0 17. Rag1 g5 18. Kf1 Nf6 19. Nxf5 Qh7 20. Rxg5 Nd7 21. e4 exf5 22. Rxf5 Be7 23. Ke1 Rdf8 24. Rxf8+ Rxf8 25. Kd1 Qh4 26. Ke1 Rxf2 0-1

[Event "BCF-chT3 1112 (4NCL)"]
[Site "England"]
[Date "2012.05.07"]
[Round "11.135"]
[White "Compton, Alistair"]
[Black "Maleki, Emanuel"]
[Result "0-1"]
[WhiteElo "2070"]
[BlackElo "2284"]
[PlyCount "32"]
[EventDate "2011.11.12"]
[EventType "team-swiss"]
[EventRounds "11"]
[EventCountry "ENG"]
[SourceTitle "EXT 2013"]
[Source "ChessBase"]
[SourceDate "2012.11.22"]
[SourceVersion "1"]
[SourceVersionDate "2012.11.22"]
[SourceQuality "1"]
[WhiteTeam "The Rookies"]
[BlackTeam "Fermented Sharks"]
[WhiteTeamCountry "ENG"]
[BlackTeamCountry "ENG"]

1. e4 c5 2. c3 Qa5 3. Nf3 Nc6 4. d4 cxd4 5. Nxd4 Nf6 6. Nxc6 bxc6 7. Bd3 g6 8. 0-0 Bg7 9. Qe2 d6 10. h3 0-0 11. Be3 e5 12. Nd2 Rb8 13. Nc4 Qc7 14. f4 Nh5 15. fxe5 d5 16. Nd6 Bxe5 0-1